1034 1428 1588 1465 1169 1441 1006 1923 1327 1076 1972 1002 1468 1475 1650 1304 1455 1588 1610 1492 1383 1093 1322 1285 1166 1950 1972 1960 1203 1753 1403 1537 1789 1903 1176 1177 1327 1949 1288 1298 1595 1592 1200 1006 1987 1257 1816 1248 1919 1002 1545 1655 1451 1522 1837 1193 1067 2000 1338 1671 1766 1715 1722 1186 1114 1736 1369 1532 1994 1561 1874 1263 1540 1209 1269 1202 1808 1617 1880 1170 1993 1653 1296 1183 1238 1120 1498 1053 1645 1916 1142 1949 1033 1480 1369 1907 1556 1723 1744 BCNSPRNW ULIB Ver.6.0+V

เปลี่ยนเป็นภาษาไทย

Change to English
 แสดงรายละเอียดบรรณานุกรม
  กลับหน้าหลัก

Brief Record : Get Marc (ISO 2709) : E-mail record : QR code < ปิดหน้าต่าง
LEADER : 00000nam 2200000uu 4500
001    13399110436
003     ULIB
008    110530s2010||||th 000 0 eng d
020    9781416062493
060 04 QV4^bL523p 2010
100 1  Lehne, Richard A.
245 10 Pharmacology for nursing care /^cRichard A. Lehne ; inconsultation with Linda A. Moore, Leanna J. Crosby and Diane B. Hamilton
250    7th ed.
260    St. Louis :^bSaunders Elsevier,^c2010
300    xiv, 1362 p. :^bill. ;^c28 cm. +^e1 computer optical disc
650 2  Drug Therapy^xnurses instruction
650 2  Pharmaceutical Preparation^xnurses instruction
650 2  Pharmacology^xnurses instruction
700 1  Moore, Linda A.
700 1  Crosby, Leanna J.
700 1  Hamilton, Diane B.
945    ^p2668^l0^i030093
995    Kesorn
999 ^a ใช้งานได้ทุกระบบ
รายการนี้ยังไม่มีแท็ก
คุณยังไม่ได้ล็อกอิน คุณสามารถมีกิจกรรมร่วมกับเว็บไซต์ได้ แต่ต้องล็อกอินก่อน ::
  ล็อกอิน

รายการสื่อสารสนเทศ

ลำดับที่ ประเภท เลขเรียก/บาร์โค้ด สถานที่ สถานะ
- ไม่พบข้อมูล -

BibComment


ยังไม่เคยถูกคอมเมนท์

คอมเมนท์ทรัพยากรรายการนี้
  คอมเมนท์: Pharmacology for ..


 Copyright 2026. Bcnsprnw @Library